Catalog

Record Details

Catalog Search



Krankenmorde im Nationalsozialismus : Aktion T4, Kinder-Euthanasie, Illenau,Gaskammerbrief, Aktion 14f13, Aktion Brandt, Josef Mengele, Vitos Rheingau, Julius Hallrvorden, Ich klage an, Heinrich Gross, Friedrich Schmieder, Werner Catel, Helmut Bischoff, Herbert Lange Cover Image Book Book

Krankenmorde im Nationalsozialismus : Aktion T4, Kinder-Euthanasie, Illenau,Gaskammerbrief, Aktion 14f13, Aktion Brandt, Josef Mengele, Vitos Rheingau, Julius Hallrvorden, Ich klage an, Heinrich Gross, Friedrich Schmieder, Werner Catel, Helmut Bischoff, Herbert Lange

Record details

  • ISBN: 9781159106058
  • Physical Description: 195 stran ; 23 cm
  • Publisher: Milton Keynes : Bucher gruppe, 2011
Genre: sborníky

Available copies

  • 1 of 1 copy available at Common Catalog SPOK.

Holds

  • 0 current holds with 1 total copy.
Show Only Available Copies
Location Call Number / Copy Notes Barcode Shelving Location Status Due Date
Jabok Library ET-8.5/H 424480028445 Odborná literatura Available -

LDR nam a22 i 4500
00119605
003CZ-PrJAB
00520200303125344.0
007ta
008 s2011 xxk e 000 0 eng
020 . ‡a9781159106058
040 . ‡aABG312 ‡bcze ‡erda
072 7. ‡a329 ‡xPolitické strany a hnutí ‡2Konspekt ‡915
24500. ‡aKrankenmorde im Nationalsozialismus : ‡bAktion T4, Kinder-Euthanasie, Illenau,Gaskammerbrief, Aktion 14f13, Aktion Brandt, Josef Mengele, Vitos Rheingau, Julius Hallrvorden, Ich klage an, Heinrich Gross, Friedrich Schmieder, Werner Catel, Helmut Bischoff, Herbert Lange
264 1. ‡aMilton Keynes : ‡bBucher gruppe, ‡c2011
300 . ‡a195 stran ; ‡c23 cm
336 . ‡atext ‡btxt ‡2rdacontent
338 . ‡asvazek ‡bnc ‡2rdacarrier
6530 . ‡anárodní socialismus ‡aNěmecko ‡anacismus ‡aeutanazie ‡aJosef Mengele ‡aváleční zločinci
655 7. ‡asborníky ‡7fd163935 ‡2czenas
910 . ‡aABG312
995 . ‡aska
901 . ‡a19605 ‡bCZ-PrJAB ‡c19605 ‡tbiblio

Additional Resources